Statistiche per Luoghi di nascita dei Poeti italiani

Clicka qui per fare il quiz!

Statistiche generali

  • Questo quiz è stato fatto 13 volte
  • Il punteggio medio è 7 su 15

Statistiche sulle risposte

PoetaData di nascitaLuogo di nascita% Corretto
Dante Alighieritra il 14 maggio e il 13 giugno 1265Firenze
92%
Alessandro Manzoni7 marzo 1785Milano
85%
Giacomo Leopardi29 giugno 1798Recanati
77%
Gabriele D'annunzio12 marzo 1863Pescara
69%
Ugo Foscolo6 febbraio 1778Zante
69%
Guido Cavalcanti1259 ca.Firenze
62%
Umberto Saba9 marzo 1883Trieste
62%
Francesco Petrarca20 luglio 1304Arezzo
54%
Ludovico Ariosto8 settembre 1474Reggio Emilia
38%
Giovanni Pascoli31 dicembre 1855San Mauro di Romagna
31%
Filippo Tommaso Marinetti22 dicembre 1876Alessandria d'Egitto
23%
Vittorio Alfieri16 gennaio 1749Asti
23%
Torquato Tasso11 marzo 1544Sorrento
23%
Salvatore Quasimodo20 agosto 1901Modica
15%
Giosuè Carducci27 luglio 1835Valdicastello
15%

Distribuzione punteggi

Percentile per numero di risposta

Percentuale di utenti per punteggio

I tuoi punteggi nel tempo

Non hai fatto questo quiz